[Event "Regionalliga Sued-Ost 1819"]
[Site "Bayern"]
[Date "2019.02.03"]
[Round "6.7"]
[White "Krause, Christian"]
[Black "Reischl, Markus"]
[Result "1/2-1/2"]
[WhiteElo "1894"]
[BlackElo "1979"]
[PlyCount "81"]
[EventDate "2018.10.21"]
[EventType "team-tourn"]
[EventRounds "9"]
[EventCountry "GER"]
[SourceTitle "EXT 2022"]
[Source "ChessBase"]
[SourceDate "2021.10.06"]
[SourceVersion "1"]
[SourceVersionDate "2021.10.06"]
[SourceQuality "1"]
[WhiteTeam "Ebersberg Grafing"]
[BlackTeam "Ilmmuenster"]
[WhiteTeamCountry "GER"]
[BlackTeamCountry "GER"]

1. c4 c5 2. Nc3 Nf6 3. e4 d6 4. g3 Nc6 5. Bg2 g6 6. d3 Bg7 7. Nge2 0-0 8. 0-0 e5 9. h3 Rb8 10. Rb1 a6 11. a3 b5 12. cxb5 axb5 13. b4 cxb4 14. axb4 Bd7 15. Kh2 Ne8 16. f4 exf4 17. gxf4 Nd4 18. Be3 Nxe2 19. Nxe2 f5 20. Rc1 Qe7 21. Nd4 Nf6 22. Nc6 Bxc6 23. Rxc6 Rfc8 24. Qb3+ Kh8 25. Rfc1 Rxc6 26. Rxc6 fxe4 27. dxe4 Nxe4 28. Bxe4 Qxe4 29. Rxd6 Re8 30. Rd3 Qf3 31. Qd1 Qxd1 32. Rxd1 Bc3 33. Bd4+ Bxd4 34. Rxd4 Re2+ 35. Kg3 Rb2 36. Kg4 Kg7 37. f5 Rg2+ 38. Kf3 Rh2 39. fxg6 hxg6 40. h4 Kf6 41. Rd5 1/2-1/2

[Event "Regionalliga Sued-Ost 1819"]
[Site "Bayern"]
[Date "2019.01.20"]
[Round "5.7"]
[White "Reischl, Markus"]
[Black "Foessmeier, Ulrich Johann"]
[Result "0-1"]
[WhiteElo "1979"]
[BlackElo "2273"]
[PlyCount "40"]
[EventDate "2018.10.21"]
[EventType "team-tourn"]
[EventRounds "9"]
[EventCountry "GER"]
[SourceTitle "EXT 2022"]
[Source "ChessBase"]
[SourceDate "2021.10.06"]
[SourceVersion "1"]
[SourceVersionDate "2021.10.06"]
[SourceQuality "1"]
[WhiteTeam "Ilmmuenster"]
[BlackTeam "Groebenzell II"]
[WhiteTeamCountry "GER"]
[BlackTeamCountry "GER"]

1. d4 d5 2. c4 e6 3. Nc3 Be7 4. Nf3 Nf6 5. Bg5 0-0 6. e3 Nbd7 7. Rc1 a6 8. c5 c6 9. Bd3 b6 10. cxb6 c5 11. dxc5 Nxc5 12. Bb1 Qxb6 13. b3 Bd7 14. 0-0 Rfc8 15. Qd4 h6 16. Bh4 Rab8 17. Ne5 Qa5 18. Nxd7 Ncxd7 19. Bg3 e5 20. Qd2 Bb4 0-1

[Event "Regionalliga Sued-Ost 1819"]
[Site "Bayern"]
[Date "2018.11.25"]
[Round "3.7"]
[White "Reischl, Markus"]
[Black "Goedel, Robert"]
[Result "1/2-1/2"]
[WhiteElo "1979"]
[BlackElo "1999"]
[PlyCount "54"]
[EventDate "2018.10.21"]
[EventType "team-tourn"]
[EventRounds "9"]
[EventCountry "GER"]
[SourceTitle "EXT 2022"]
[Source "ChessBase"]
[SourceDate "2021.10.06"]
[SourceVersion "1"]
[SourceVersionDate "2021.10.06"]
[SourceQuality "1"]
[WhiteTeam "Ilmmuenster"]
[BlackTeam "Starnberg SC"]
[WhiteTeamCountry "GER"]
[BlackTeamCountry "GER"]

1. d4 e6 2. c4 b6 3. Nf3 Bb7 4. g3 Nf6 5. Bg2 Bb4+ 6. Bd2 Qe7 7. a3 Bxd2+ 8. Qxd2 0-0 9. Nc3 d6 10. 0-0 Nbd7 11. Qc2 e5 12. dxe5 Nxe5 13. Nxe5 Bxg2 14. Kxg2 Qxe5 15. e3 h5 16. h4 Ng4 17. Rad1 g6 18. Qe4 Qxe4+ 19. Nxe4 Rfe8 20. Nc3 Nf6 21. Nd5 Nxd5 22. cxd5 Rad8 23. Rc1 Rd7 24. Rc6 Ree7 25. Rfc1 f5 26. R1c4 a5 27. b4 axb4 1/2-1/2

[Event "Regionalliga Sued-Ost 1819"]
[Site "Bayern"]
[Date "2018.11.11"]
[Round "2.7"]
[White "Schneider, Roland"]
[Black "Reischl, Markus"]
[Result "1-0"]
[WhiteElo "2072"]
[BlackElo "1979"]
[PlyCount "57"]
[EventDate "2018.10.21"]
[EventType "team-tourn"]
[EventRounds "9"]
[EventCountry "GER"]
[SourceTitle "EXT 2022"]
[Source "ChessBase"]
[SourceDate "2021.10.06"]
[SourceVersion "1"]
[SourceVersionDate "2021.10.06"]
[SourceQuality "1"]
[WhiteTeam "Passau II"]
[BlackTeam "Ilmmuenster"]
[WhiteTeamCountry "GER"]
[BlackTeamCountry "GER"]

1. e4 c5 2. Nf3 d6 3. d4 cxd4 4. Nxd4 Nf6 5. Nc3 a6 6. Be2 e6 7. 0-0 Be7 8. a4 Nc6 9. Be3 0-0 10. f4 Qc7 11. Kh1 Re8 12. Qe1 Na5 13. Rd1 b6 14. Qg3 Bb7 15. e5 Ne4 16. Nxe4 Bxe4 17. f5 dxe5 18. Bh6 Bf8 19. fxe6 Bg6 20. exf7+ Bxf7 21. Bd3 Rac8 22. Nf5 e4 23. Bf4 Qb7 24. Bxa6 Qxa6 25. Nh6+ Kh8 26. Nxf7+ Kg8 27. Nh6+ Kh8 28. Be5 Qb7 29. Rf7 1-0

[Event "Regionalliga Sued-Ost 1718"]
[Site "Bayern"]
[Date "2018.03.18"]
[Round "8.7"]
[White "Probst, Albert"]
[Black "Reischl, Markus"]
[Result "1/2-1/2"]
[WhiteElo "1975"]
[BlackElo "1987"]
[PlyCount "41"]
[EventDate "2017.10.22"]
[EventType "team-tourn"]
[EventRounds "9"]
[EventCountry "GER"]
[SourceTitle "EXT 2022"]
[Source "ChessBase"]
[SourceDate "2021.10.06"]
[SourceVersion "1"]
[SourceVersionDate "2021.10.06"]
[SourceQuality "1"]
[WhiteTeam "Bruckmuehl SK"]
[BlackTeam "Ilmmuenster"]
[WhiteTeamCountry "GER"]
[BlackTeamCountry "GER"]

1. f4 d5 2. Nf3 g6 3. e3 Bg7 4. Be2 Nf6 5. 0-0 0-0 6. Ne5 c5 7. b3 Qd6 8. Bb2 Nfd7 9. d4 Nc6 10. Nd2 f6 11. Nxc6 bxc6 12. c4 cxd4 13. cxd5 cxd5 14. e4 Bb7 15. exd5 Bxd5 16. Nc4 Qc6 17. Rc1 Qb7 18. Na5 Qb6 19. Nc4 Qb7 20. Na5 Qb6 21. Nc4 1/2-1/2

[Event "Regionalliga Sued-Ost 1718"]
[Site "Bayern"]
[Date "2018.01.21"]
[Round "5.6"]
[White "Soergel, Thomas"]
[Black "Reischl, Markus"]
[Result "0-1"]
[WhiteElo "1985"]
[BlackElo "1987"]
[PlyCount "98"]
[EventDate "2017.10.22"]
[EventType "team-tourn"]
[EventRounds "9"]
[EventCountry "GER"]
[SourceTitle "EXT 2022"]
[Source "ChessBase"]
[SourceDate "2021.10.06"]
[SourceVersion "1"]
[SourceVersionDate "2021.10.06"]
[SourceQuality "1"]
[WhiteTeam "Graefelfing SK"]
[BlackTeam "Ilmmuenster"]
[WhiteTeamCountry "GER"]
[BlackTeamCountry "GER"]

1. c4 c5 2. Nc3 Nf6 3. g3 d5 4. cxd5 Nxd5 5. Bg2 Nc7 6. Nf3 Nc6 7. 0-0 e5 8. d3 Be7 9. b3 0-0 10. Bb2 Be6 11. Rc1 f6 12. Qd2 Nd5 13. Rfd1 Qd7 14. e3 Rfd8 15. d4 Nxc3 16. Bxc3 cxd4 17. exd4 e4 18. Ne1 Bg4 19. f3 exf3 20. Nxf3 Bd6 21. Kh1 Re8 22. Re1 Rxe1+ 23. Rxe1 Re8 24. Re3 Rxe3 25. Qxe3 Qe6 26. Qxe6+ Bxe6 27. Nd2 Bf5 28. Ne4 Be7 29. Kg1 Kf7 30. Kf2 Ke8 31. Ke3 Nb4 32. a4 Nd5+ 33. Kd2 Nxc3 34. Kxc3 b6 35. Kc4 Kd7 36. b4 a5 37. bxa5 bxa5 38. Nc5+ Kc8 39. Kb5 Bd8 40. Bb7+ Kb8 41. Be4 Bxe4 42. Nxe4 f5 43. Nd6 g6 44. Kc6 h5 45. Nf7 Bf6 46. d5 g5 47. d6 f4 48. gxf4 gxf4 49. d7 f3 0-1

[Event "Regionalliga Sued-Ost 1718"]
[Site "Bayern"]
[Date "2017.11.12"]
[Round "2.7"]
[White "Heiduk, Christoph"]
[Black "Reischl, Markus"]
[Result "0-1"]
[WhiteElo "1826"]
[BlackElo "1987"]
[PlyCount "122"]
[EventDate "2017.10.22"]
[EventType "team-tourn"]
[EventRounds "9"]
[EventCountry "GER"]
[SourceTitle "EXT 2022"]
[Source "ChessBase"]
[SourceDate "2021.10.06"]
[SourceVersion "1"]
[SourceVersionDate "2021.10.06"]
[SourceQuality "1"]
[WhiteTeam "Bayerwald Regen/Zwiesel"]
[BlackTeam "Ilmmuenster"]
[WhiteTeamCountry "GER"]
[BlackTeamCountry "GER"]

1. d4 d5 2. c4 e6 3. cxd5 exd5 4. Nc3 Be7 5. Bf4 Nf6 6. e3 0-0 7. Bd3 Nbd7 8. Qc2 a6 9. h3 c5 10. Nf3 cxd4 11. exd4 Re8 12. 0-0 Nf8 13. Ne5 Be6 14. Qb3 Bc8 15. a4 Ne6 16. Be3 Qd6 17. Rfd1 Qb4 18. Qc2 Rd8 19. Qe2 Bd7 20. g4 Bc6 21. f3 Rac8 22. Kh1 Be8 23. Rac1 Bc6 24. Bc2 g6 25. Qd2 Qd6 26. Qg2 b5 27. axb5 axb5 28. Bf2 b4 29. Ne2 Bb5 30. Bg3 Qb6 31. Nd3 Bxd3 32. Bxd3 Qb7 33. Be5 Rxc1 34. Rxc1 Rc8 35. Qg1 Rc6 36. Qe3 Nd7 37. Bg3 Bf6 38. Rd1 Qb6 39. Bf2 Qb7 40. f4 Rc8 41. f5 Ng5 42. h4 Ne4 43. Bxe4 dxe4 44. g5 Bg7 45. Ng3 Rc2 46. fxg6 hxg6 47. Kg1 Rxb2 48. Nxe4 Rc2 49. Nd6 Qd5 50. Ne4 b3 51. Rb1 b2 52. Nc3 Qc4 53. Nd1 Rc1 54. Rxb2 Rxd1+ 55. Kh2 Bxd4 56. Qe8+ Nf8 57. Rb8 Bg7 58. h5 Qf4+ 59. Bg3 Rd2+ 60. Kh3 Qf5+ 61. Kh4 Rd4+ 0-1

[Event "Regionalliga Sued-Ost 1718"]
[Site "Bayern"]
[Date "2017.10.22"]
[Round "1.7"]
[White "Reischl, Markus"]
[Black "Reisser, Simon"]
[Result "1/2-1/2"]
[WhiteElo "1987"]
[BlackElo "1920"]
[PlyCount "29"]
[EventDate "2017.10.22"]
[EventType "team-tourn"]
[EventRounds "9"]
[EventCountry "GER"]
[SourceTitle "EXT 2022"]
[Source "ChessBase"]
[SourceDate "2021.10.06"]
[SourceVersion "1"]
[SourceVersionDate "2021.10.06"]
[SourceQuality "1"]
[WhiteTeam "Ilmmuenster"]
[BlackTeam "Trostberg TSV"]
[WhiteTeamCountry "GER"]
[BlackTeamCountry "GER"]

1. d4 d5 2. c4 dxc4 3. Nf3 Nf6 4. e3 e6 5. Bxc4 c5 6. 0-0 a6 7. dxc5 Qxd1 8. Rxd1 Bxc5 9. a3 b5 10. Be2 Ke7 11. b4 Bb6 12. Bb2 Nc6 13. Nc3 Bb7 14. h3 Rhd8 15. Rxd8 1/2-1/2

[Event "Regionalliga SO 1516"]
[Site "Bayern"]
[Date "2016.02.21"]
[Round "7.7"]
[White "Reischl, Markus"]
[Black "Von Saldern, Ruediger"]
[Result "1-0"]
[WhiteElo "1972"]
[BlackElo "1837"]
[PlyCount "67"]
[EventDate "2015.10.11"]
[EventType "team-tourn"]
[EventRounds "9"]
[EventCountry "GER"]
[SourceTitle "EXT 2018"]
[Source "ChessBase"]
[SourceDate "2017.10.13"]
[SourceVersion "1"]
[SourceVersionDate "2017.10.13"]
[SourceQuality "1"]
[WhiteTeam "Ilmmuenster"]
[BlackTeam "Starnberger See"]
[WhiteTeamCountry "GER"]
[BlackTeamCountry "GER"]

1. d4 d5 2. c4 c6 3. Nf3 Nf6 4. Nc3 e6 5. e3 Bd6 6. Bd3 0-0 7. 0-0 Nbd7 8. e4 dxe4 9. Nxe4 Nxe4 10. Bxe4 e5 11. Qc2 h6 12. b3 exd4 13. Nxd4 Nf6 14. Nf5 Be5 15. Rb1 Nxe4 16. Qxe4 Qf6 17. Ng3 Bd7 18. Be3 Rfe8 19. Qd3 Rad8 20. Bxa7 Bg4 21. Qe4 Bf4 22. Qc2 Rd2 23. Qc1 Rxa2 24. Be3 Bxg3 25. hxg3 Bf5 26. Ra1 Rc2 27. Qd1 Rd8 28. Qf3 Qg6 29. Rfd1 Re8 30. Rdc1 Be4 31. Qd1 Qf6 32. Bd4 Qg6 33. Be3 Qf5 34. Qd4 1-0

[Event "Regionalliga SO 1516"]
[Site "Bayern"]
[Date "2015.11.15"]
[Round "3.8"]
[White "Reischl, Markus"]
[Black "Kiendl, Walter"]
[Result "1-0"]
[WhiteElo "1972"]
[BlackElo "1711"]
[PlyCount "127"]
[EventDate "2015.10.11"]
[EventType "team-tourn"]
[EventRounds "9"]
[EventCountry "GER"]
[SourceTitle "EXT 2018"]
[Source "ChessBase"]
[SourceDate "2017.10.13"]
[SourceVersion "1"]
[SourceVersionDate "2017.10.13"]
[SourceQuality "1"]
[WhiteTeam "Ilmmuenster"]
[BlackTeam "Geiselhoering"]
[WhiteTeamCountry "GER"]
[BlackTeamCountry "GER"]

1. d4 Nf6 2. c4 g6 3. Nc3 Bg7 4. e4 d6 5. Nf3 0-0 6. Be2 e5 7. Be3 Nc6 8. d5 Ne7 9. Nd2 Ne8 10. c5 f5 11. f3 Nf6 12. Nc4 b6 13. cxd6 cxd6 14. 0-0 Rf7 15. Nb5 Ne8 16. a4 Ba6 17. Qb3 f4 18. Bf2 Qd7 19. Rfc1 g5 20. Qb4 Bf8 21. Kf1 h5 22. Nca3 g4 23. a5 gxf3 24. Bxf3 Nf6 25. Ke1 Ng4 26. Rc7 Qd8 27. Qxd6 Qxd6 28. Nxd6 Rg7 29. axb6 axb6 30. Nac4 Nf5 31. Rxg7+ Nxg7 32. Nxb6 Bxd6 33. Bxg4 Bb4+ 34. Kd1 Be2+ 35. Bxe2 Rxa1+ 36. Kc2 Ra5 37. Nc4 Ra8 38. Nxe5 Bd6 39. Nc4 Rc8 40. Kd3 Rd8 41. Bd4 f3 42. Bxf3 Bxh2 43. Bxg7 Kxg7 44. Bxh5 Kf6 45. Ne3 Bg3 46. Bf3 Rb8 47. Nc4 Be5 48. Kc2 Rc8 49. b3 Rc7 50. Kd3 Rb7 51. Bd1 Bg3 52. Na5 Ra7 53. Nc6 Ra1 54. Bf3 Rc1 55. Be2 Rg1 56. Bf3 Rc1 57. Nd4 Be5 58. Ne2 Rc8 59. Bg4 Rg8 60. Bh3 Rb8 61. Kc4 Ke7 62. b4 Bd6 63. b5 Rc8+ 64. Bxc8 1-0

[Event "Regionalliga SO 1415"]
[Site "Bayern"]
[Date "2015.01.18"]
[Round "5.7"]
[White "Reischl, Markus"]
[Black "Soergel, Thomas"]
[Result "1/2-1/2"]
[WhiteElo "1972"]
[BlackElo "2009"]
[PlyCount "41"]
[EventDate "2014.10.19"]
[EventType "team-tourn"]
[EventRounds "9"]
[EventCountry "GER"]
[SourceTitle "EXT 2018"]
[Source "ChessBase"]
[SourceDate "2017.10.13"]
[SourceVersion "1"]
[SourceVersionDate "2017.10.13"]
[SourceQuality "1"]
[WhiteTeam "Ilmmuenster"]
[BlackTeam "Graefelfing"]
[WhiteTeamCountry "GER"]
[BlackTeamCountry "GER"]

1. d4 d5 2. c4 e6 3. Nc3 Nf6 4. Bg5 Be7 5. e3 h6 6. Bh4 0-0 7. Nf3 Ne4 8. Bxe7 Qxe7 9. Rc1 c6 10. Bd3 f5 11. 0-0 Nd7 12. Nd2 Ndf6 13. f3 Nxc3 14. Rxc3 e5 15. dxe5 Qxe5 16. Re1 Be6 17. f4 Qd6 18. c5 Qc7 19. Nf3 Rae8 20. Rc2 Bc8 21. Qd2 1/2-1/2

[Event "Regionalliga SO 1415"]
[Site "Bayern"]
[Date "2014.12.07"]
[Round "4.8"]
[White "Reischl, Markus"]
[Black "Feldbacher, Harald"]
[Result "1/2-1/2"]
[WhiteElo "1972"]
[BlackElo "1973"]
[PlyCount "99"]
[EventDate "2014.10.19"]
[EventType "team-tourn"]
[EventRounds "9"]
[EventCountry "GER"]
[SourceTitle "EXT 2018"]
[Source "ChessBase"]
[SourceDate "2017.10.13"]
[SourceVersion "1"]
[SourceVersionDate "2017.10.13"]
[SourceQuality "1"]
[WhiteTeam "Ilmmuenster"]
[BlackTeam "Starnberger See"]
[WhiteTeamCountry "GER"]
[BlackTeamCountry "GER"]

1. d4 f5 2. c4 d6 3. Nf3 Nf6 4. g3 g6 5. Bg2 Bg7 6. 0-0 0-0 7. Nc3 Qe8 8. d5 a5 9. Be3 Na6 10. Qc1 Ng4 11. Bd4 Bh6 12. Ng5 c5 13. dxc6 bxc6 14. h3 Ne5 15. b3 Bd7 16. Be3 Bg7 17. Qd2 Rb8 18. Rab1 h6 19. Nf3 Nf7 20. Na4 Qd8 21. Nd4 Qc7 22. f4 Kh7 23. Nf3 Rfd8 24. Rfd1 e5 25. Kh2 e4 26. Ne1 c5 27. Nc3 Bc6 28. Nc2 Nb4 29. a3 Nxc2 30. Qxc2 Rd7 31. Bc1 Qb7 32. e3 Nd8 33. Bf1 Ne6 34. Nd5 Nc7 35. Nxc7 Qxc7 36. Bb2 Qd8 37. Bxg7 Kxg7 38. Rd2 Qf6 39. Rbd1 Kf7 40. Be2 Ke7 41. Rb1 Rdb7 42. Bd1 Ba4 43. Qb2 Rb6 44. Qxf6+ Kxf6 45. Rdb2 Ke6 46. Kg2 Bc6 47. Rc1 Ba4 48. Rcb1 Bd7 49. Rc1 Ba4 50. Rcb1 1/2-1/2

[Event "Regionalliga SO 1415"]
[Site "Bayern"]
[Date "2014.11.23"]
[Round "3.7"]
[White "Reischl, Markus"]
[Black "Bergmann, Reiner"]
[Result "1-0"]
[WhiteElo "1972"]
[BlackElo "1668"]
[PlyCount "51"]
[EventDate "2014.10.19"]
[EventType "team-tourn"]
[EventRounds "9"]
[EventCountry "GER"]
[SourceTitle "EXT 2018"]
[Source "ChessBase"]
[SourceDate "2017.10.13"]
[SourceVersion "1"]
[SourceVersionDate "2017.10.13"]
[SourceQuality "1"]
[WhiteTeam "Ilmmuenster"]
[BlackTeam "Bayerwald Regen/Zwiesel"]
[WhiteTeamCountry "GER"]
[BlackTeamCountry "GER"]

1. d4 Nf6 2. c4 g6 3. Nc3 Bg7 4. e4 d6 5. Nf3 0-0 6. Be2 Nc6 7. d5 Nb8 8. Be3 e5 9. Nd2 Ne8 10. b4 f5 11. f3 f4 12. Bf2 g5 13. h3 h5 14. c5 Nd7 15. Nc4 Ndf6 16. a4 Rf7 17. b5 Bf8 18. a5 Rg7 19. b6 axb6 20. axb6 Rxa1 21. Qxa1 cxb6 22. cxb6 g4 23. hxg4 hxg4 24. Qa8 g3 25. Bg1 Nd7 26. Nb5 1-0

[Event "Regionalliga SO 1011"]
[Site "Bayern"]
[Date "2011.03.20"]
[Round "8.5"]
[White "Schmaus, Horst"]
[Black "Reischl, Markus"]
[Result "1-0"]
[WhiteElo "1990"]
[BlackElo "2025"]
[PlyCount "57"]
[EventDate "2010.10.10"]
[EventType "team-tourn"]
[EventRounds "9"]
[EventCountry "GER"]
[SourceTitle "EXT 2012"]
[Source "ChessBase"]
[SourceDate "2011.11.24"]
[SourceVersion "1"]
[SourceVersionDate "2011.11.24"]
[SourceQuality "1"]
[WhiteTeam "Landshut"]
[BlackTeam "Ilmmuenster"]
[WhiteTeamCountry "GER"]
[BlackTeamCountry "GER"]

1. e4 c5 2. Nf3 d6 3. d4 cxd4 4. Nxd4 Nf6 5. Nc3 a6 6. f4 e5 7. Nf3 Nbd7 8. a4 Be7 9. Bd3 0-0 10. 0-0 Nc5 11. Kh1 exf4 12. Bxf4 Bg4 13. Qe1 Nxd3 14. cxd3 Qb6 15. Be3 Qd8 16. Nd4 Qd7 17. Bg5 Be6 18. Qh4 Qd8 19. Nf5 Bxf5 20. Rxf5 h6 21. Bxh6 gxh6 22. Qxh6 Ng4 23. Qh5 Ne5 24. d4 Ng6 25. Qh6 Bf6 26. Rh5 Re8 27. Rf1 Re6 28. Qh7+ Kf8 29. Rhf5 1-0

[Event "Regionalliga SO 1011"]
[Site "Bayern"]
[Date "2011.02.27"]
[Round "7.5"]
[White "Reischl, Markus"]
[Black "Moser, Wolfgang"]
[Result "1-0"]
[WhiteElo "2025"]
[BlackElo "2049"]
[PlyCount "107"]
[EventDate "2010.10.10"]
[EventType "team-tourn"]
[EventRounds "9"]
[EventCountry "GER"]
[SourceTitle "EXT 2012"]
[Source "ChessBase"]
[SourceDate "2011.11.24"]
[SourceVersion "1"]
[SourceVersionDate "2011.11.24"]
[SourceQuality "1"]
[WhiteTeam "Ilmmuenster"]
[BlackTeam "Trostberg"]
[WhiteTeamCountry "GER"]
[BlackTeamCountry "GER"]

1. d4 Nf6 2. c4 e6 3. Nf3 Bb4+ 4. Bd2 Be7 5. Nc3 d5 6. Bg5 0-0 7. e3 b6 8. cxd5 exd5 9. Ne5 Bb7 10. Be2 Nbd7 11. Nxd7 Qxd7 12. 0-0 a6 13. Rc1 Rfd8 14. a3 Qf5 15. Bf4 Bd6 16. Bxd6 Rxd6 17. b4 Rd7 18. Bf3 g5 19. Qc2 Qe6 20. g3 Kg7 21. Qe2 g4 22. Bg2 Re7 23. Qd3 h5 24. Ne2 Ne4 25. Nf4 Qh6 26. Rc2 h4 27. Rfc1 hxg3 28. hxg3 c6 29. a4 Qd6 30. Qb3 Rh8 31. a5 b5 32. Qb1 Ng5 33. Rb2 Qh6 34. Kf1 Nf3 35. Qd3 Re4 36. Bxf3 gxf3 37. Ke1 Qh2 38. Qf1 Rxe3+ 39. Kd2 Rhe8 40. Rbb1 Re2+ 41. Nxe2 Rxe2+ 42. Kc3 Qh6 43. Rc2 Rxc2+ 44. Kxc2 Bc8 45. Kc3 Bf5 46. Re1 Be4 47. Qh1 Qg6 48. Re3 Bb1 49. Qc1 Be4 50. Re1 Qf6 51. Qf4 Qxf4 52. gxf4 f6 53. Kd2 Bf5 54. Re7+ 1-0

[Event "Regionalliga SO 0910"]
[Site "Bayern"]
[Date "2009.11.15"]
[Round "2.6"]
[White "Reischl, Markus"]
[Black "Kranewitter, Norbert"]
[Result "1-0"]
[WhiteElo "2025"]
[BlackElo "2041"]
[PlyCount "125"]
[EventDate "2009.10.18"]
[EventType "team-tourn"]
[EventRounds "9"]
[EventCountry "GER"]
[SourceTitle "EXT 2011"]
[Source "ChessBase"]
[SourceDate "2010.11.26"]
[SourceVersion "1"]
[SourceVersionDate "2010.11.26"]
[SourceQuality "1"]
[WhiteTeam "Ilmmuenster"]
[BlackTeam "Pang/Rosenheim II"]
[WhiteTeamCountry "GER"]
[BlackTeamCountry "GER"]

1. d4 d5 2. c4 c6 3. Nf3 Nf6 4. Nc3 Bf5 5. cxd5 cxd5 6. Qb3 Bc8 7. Bf4 a6 8. h3 Nc6 9. e3 Na5 10. Qd1 Bf5 11. Ne5 Rc8 12. Rc1 g6 13. Be2 Bg7 14. 0-0 0-0 15. Na4 Nd7 16. Nxd7 Bxd7 17. Nc5 Bb5 18. Bxb5 axb5 19. b3 b6 20. Nd3 Qd7 21. Qd2 Nc6 22. Rc2 f6 23. Rfc1 e5 24. dxe5 fxe5 25. Bg3 d4 26. e4 Qe6 27. Qg5 Bf6 28. Qg4 Qd6 29. f3 Kg7 30. Be1 h5 31. Qg3 Qe6 32. Bd2 Kh7 33. Bg5 Bg7 34. Qh4 Kg8 35. Qe1 Rfe8 36. Qd2 Bf8 37. b4 Bg7 38. Bh6 Bf6 39. Bg5 Bg7 40. a3 Na7 41. Rc7 Rxc7 42. Rxc7 Nc8 43. Qc2 Nd6 44. Qc6 Nf7 45. Bc1 Nd8 46. Qxb5 Rf8 47. Kh2 Rf7 48. Rxf7 Nxf7 49. a4 Qb3 50. Qa6 Nd6 51. Qxb6 Nc4 52. Qe6+ Kh7 53. Nb2 Nd2 54. Qxb3 Nxb3 55. Nd3 Bf8 56. Bg5 Kg7 57. a5 Bxb4 58. a6 Bc5 59. Nxc5 Nxc5 60. a7 Ne6 61. a8Q Nxg5 62. Qe8 Kf6 63. Qd8+ 1-0

[Event "Regionalliga SO 0809"]
[Site "Bayern"]
[Date "2009.03.15"]
[Round "8.4"]
[White "Reischl, Markus"]
[Black "Hauschild, Helmut"]
[Result "0-1"]
[WhiteElo "2058"]
[BlackElo "2109"]
[PlyCount "54"]
[EventDate "2008.10.05"]
[EventType "team-tourn"]
[EventRounds "9"]
[EventCountry "GER"]
[SourceTitle "EXT 2020"]
[Source "ChessBase"]
[SourceDate "2019.10.17"]
[SourceVersion "1"]
[SourceVersionDate "2019.10.17"]
[SourceQuality "1"]
[WhiteTeam "Ilmmuenster"]
[BlackTeam "Waldkraiburg"]
[WhiteTeamCountry "GER"]
[BlackTeamCountry "GER"]

1. d4 Nf6 2. c4 g6 3. Nc3 Bg7 4. e4 d6 5. Nf3 0-0 6. Be2 Na6 7. 0-0 e5 8. Be3 Ng4 9. Bg5 f6 10. Bh4 h5 11. Bg3 Qe8 12. d5 f5 13. exf5 gxf5 14. h3 Nf6 15. Qd2 Nc5 16. Bh4 Nce4 17. Nxe4 Nxe4 18. Qc2 Qg6 19. Nd2 Bh6 20. Nxe4 fxe4 21. Kh1 Kh7 22. Rae1 Bf4 23. Rg1 Rg8 24. Qd1 Kh6 25. Bf1 Bxh3 26. g3 Bg4 27. gxf4 Bf3+ 0-1

[Event "Regionalliga SO 0809"]
[Site "Bayern"]
[Date "2009.01.11"]
[Round "5.4"]
[White "Krause, Christian"]
[Black "Reischl, Markus"]
[Result "1/2-1/2"]
[WhiteElo "1951"]
[BlackElo "2058"]
[PlyCount "71"]
[EventDate "2008.10.05"]
[EventType "team-tourn"]
[EventRounds "9"]
[EventCountry "GER"]
[SourceTitle "EXT 2020"]
[Source "ChessBase"]
[SourceDate "2019.10.17"]
[SourceVersion "1"]
[SourceVersionDate "2019.10.17"]
[SourceQuality "1"]
[WhiteTeam "Ebersberg"]
[BlackTeam "Ilmmuenster"]
[WhiteTeamCountry "GER"]
[BlackTeamCountry "GER"]

1. c4 Nf6 2. Nc3 c5 3. e4 Nc6 4. g3 g6 5. Bg2 Bg7 6. Nge2 0-0 7. 0-0 d6 8. d3 Ne8 9. Be3 a6 10. d4 cxd4 11. Nxd4 Ne5 12. b3 Ng4 13. Bc1 Qb6 14. Nce2 Bd7 15. h3 Ne5 16. f4 Nc6 17. Be3 Qc7 18. Rc1 Nxd4 19. Nxd4 e5 20. Ne2 Bc6 21. Nc3 Nf6 22. Nd5 Bxd5 23. cxd5 Qd7 24. fxe5 dxe5 25. Kh2 Rfc8 26. Qd2 Rxc1 27. Rxc1 Rc8 28. Rc4 Ne8 29. Qc2 Nd6 30. Rxc8+ Qxc8 31. Qxc8+ Nxc8 32. Bf1 Bf8 33. Bd3 f6 34. g4 Kf7 35. Kg2 Nd6 36. Kf3 1/2-1/2

[Event "Regionalliga SO 0708"]
[Site "Bayern"]
[Date "2008.02.17"]
[Round "6.4"]
[White "Reischl, Markus"]
[Black "Besner, Bernhard"]
[Result "1/2-1/2"]
[WhiteElo "2042"]
[BlackElo "2108"]
[PlyCount "121"]
[EventDate "2007.10.21"]
[EventType "team-tourn"]
[EventRounds "9"]
[EventCountry "GER"]
[SourceTitle "EXT 2009"]
[Source "ChessBase"]
[SourceDate "2008.11.26"]
[SourceVersion "1"]
[SourceVersionDate "2008.11.26"]
[SourceQuality "1"]
[WhiteTeam "Ilmmuenster"]
[BlackTeam "Trostberg"]
[WhiteTeamCountry "GER"]
[BlackTeamCountry "GER"]

1. d4 d5 2. c4 e6 3. Nc3 c5 4. cxd5 exd5 5. Nf3 Nc6 6. g3 c4 7. Bg2 Bb4 8. 0-0 Nge7 9. e4 dxe4 10. Nxe4 0-0 11. a3 Ba5 12. Qa4 Bg4 13. Be3 Nd5 14. Qxc4 Rc8 15. Qb3 Bb6 16. Ne5 Nxe5 17. dxe5 Nxe3 18. fxe3 Be6 19. Qa4 Rc4 20. Qd1 Bxe3+ 21. Kh1 Qxd1 22. Raxd1 Rc2 23. Nd6 b6 24. Rd3 Bc1 25. b4 Bb2 26. Re3 Rd8 27. Be4 Rd2 28. Nf5 R8d7 29. Bg2 Rd1 30. Nh4 Rxf1+ 31. Bxf1 Rd1 32. Kg2 Bd4 33. Rd3 Rxd3 34. Bxd3 Bxe5 35. Bc2 h6 36. a4 Bd6 37. b5 Bd5+ 38. Kf2 Bc5+ 39. Ke2 g6 40. Nf3 Kg7 41. Ne5 Bd6 42. Nf3 Kf6 43. Nd4 Ke5 44. Nc6+ Ke6 45. Nxa7 Kd7 46. Nc6 Bxc6 47. bxc6+ Kxc6 48. Kf3 Kd7 49. h3 Ke6 50. g4 Ke5 51. Bd3 Bc5 52. Bc2 f5 53. gxf5 gxf5 54. Bd3 f4 55. Bb5 Be3 56. Bd7 Bd2 57. Be8 Be1 58. Bd7 h5 59. Be8 h4 60. Bd7 Bg3 61. Be8 1/2-1/2

[Event "Regionalliga SO 0708"]
[Site "Bayern"]
[Date "2007.10.21"]
[Round "1.5"]
[White "Reischl, Markus"]
[Black "Reichert, Leif"]
[Result "1/2-1/2"]
[WhiteElo "2042"]
[BlackElo "2173"]
[PlyCount "25"]
[EventDate "2007.10.21"]
[EventType "team-tourn"]
[EventRounds "9"]
[EventCountry "GER"]
[SourceTitle "EXT 2009"]
[Source "ChessBase"]
[SourceDate "2008.11.26"]
[SourceVersion "1"]
[SourceVersionDate "2008.11.26"]
[SourceQuality "1"]
[WhiteTeam "Ilmmuenster"]
[BlackTeam "Graefelfing"]
[WhiteTeamCountry "GER"]
[BlackTeamCountry "GER"]

1. d4 Nf6 2. c4 c5 3. d5 e6 4. Nc3 exd5 5. cxd5 d6 6. e4 g6 7. Nf3 Bg7 8. h3 0-0 9. Bd3 Nh5 10. 0-0 Nd7 11. Bg5 Bf6 12. Be3 a6 13. a4 1/2-1/2